| 000 -Etiqueta do registo | |
|---|---|
| campo de controlo de comprimento fixo | 008510000a22002650004500 |
| 001 - Identificador do registo | |
| Campo de controlo | 49054 |
| 010 ## - ISBN | |
| Número (ISBN) | 972-649-202-5 |
| 021 ## - Nº depósito legal | |
| Código do país | Portugal |
| Número | 35984/90 |
| 100 ## - Dados Gerais de Proc. | |
| Dados gerais de processamento | 20100714d2010 k y0pory5003 ba |
| 101 0# - Língua da publicação | |
| Língua do texto, banda sonora, etc. | Português |
| 102 ## - País de Publicação | |
| País de publicação | Portugal |
| 200 1# - Título | |
| Título próprio | A feiticeira do parque |
| Primeira menção de responsabilidade | Marlène Jobert |
| Outras menções de responsabilidade | il. de Sophie Toussaint |
| -- | rev. de Maria Alberta Menères |
| 210 ## - Publicação, Distribuição | |
| Lugar da edição, distribuição, etc. | Porto |
| Nome do editor, distribuidor, etc. | Desabrochar |
| Data da publicação, distribuição, etc. | 1990 |
| 215 ## - Descrição física | |
| Descrição física | [26] p. |
| Outras indicações físicas | Muito il. |
| Dimensões | 27 cm |
| 225 2# - Colecção | |
| Título próprio da colecção | Arco-Íris |
| 606 ## - Nome comum | |
| Elemento de entrada | Literatura para crianças e jovens |
| Subdivisão de assunto | Conto |
| 675 ## - CDU | |
| Notação | 087.5 |
| Edição | BN |
| Língua da edição | Português |
| 675 ## - CDU | |
| Notação | 821.133.1-34 |
| Edição | BN |
| Língua da edição | Português |
| 700 #1 - Responsabilidade principal | |
| Palavra de ordem | Jobert |
| Outra parte do nome | Marlène |
| 702 #1 - Responsabilidade secundária | |
| Koha Internal Code | 45684 |
| Código de função | Ilustrador |
| Palavra de ordem | Toussaint |
| Outra parte do nome | Sophie |
| 702 ## - Responsabilidade secundária | |
| Koha Internal Code | 42602 |
| Código de função | Tradutor |
| Palavra de ordem | Silva |
| Outra parte do nome | Ana Paula |
| 702 ## - Responsabilidade secundária | |
| Koha Internal Code | 31545 |
| Palavra de ordem | Menéres |
| Outra parte do nome | Maria Alberta |
| Datas | 1930-2019 |
| Código de função | Revisor |
| 801 ## - Fonte de origem | |
| País | Portugal |
| Data da última transacção | 20100714 |
| 090 ## - Números de controlo do sistema (Koha) | |
| Número biblioitem do Koha (gerado automaticamente) | 49054 |
| 942 ## - Elementos de entrada adicionados (Koha) | |
| Tipo de item no Koha | Monografias |
| Suprimido | Disponível no OPAC |
| 999 ## - Campo local | |
| Campo local | 49054 |
| Removido (estado) | Perdido (estado) | Data de aquisição | Origem do registo (biblioteca) (codificado) | Código da organização que empresta ou é detentora (biblioteca) | Código de barras | Número de inventário | Cota | Tipo de circulação (não pode ser emprestado) | Tipo de item e material |
|---|---|---|---|---|---|---|---|---|---|
| Disponível | Disponível | 2010-07-14 | Biblioteca EB23 D. Paio Peres Correia | Biblioteca EB23 D. Paio Peres Correia | BEBDPPC2554 | 2554 | 82.03-34 JOB | Normal | Monografias |